The High-Performance Entrepreneur: Golden Rules for Success in Today's World (Record no. 26203)

000 -LEADER
fixed length control field 00403nam a2200133Ia 4500
008 - FIXED-LENGTH DATA ELEMENTS--GENERAL INFORMATION
fixed length control field 230413s9999||||xx |||||||||||||| ||und||
020 ## - INTERNATIONAL STANDARD BOOK NUMBER
International Standard Book Number 9780143064268
082 ## - DEWEY DECIMAL CLASSIFICATION NUMBER
Classification number 658.11
Item number B1443
100 ## - MAIN ENTRY--PERSONAL NAME
Personal name Bagchi, Subroto
245 #4 - TITLE STATEMENT
Title The High-Performance Entrepreneur: Golden Rules for Success in Today's World
260 ## - PUBLICATION, DISTRIBUTION, ETC. (IMPRINT)
Place of publication, distribution, etc New Delhi
Name of publisher, distributor, etc Penguin Books India Pvt. Ltd.
Date of publication, distribution, etc 2008
300 ## - PHYSICAL DESCRIPTION
Extent x, 244 p.
942 ## - ADDED ENTRY ELEMENTS (KOHA)
Item type Books
Holdings
Withdrawn status Lost status Damaged status Not for loan Permanent location Current location Date acquired Source of acquisition Full call number Barcode Date last seen Koha item type
        IMU Kolkata IMU Kolkata 2023-04-13 Gifted by Shailendra S Kathait (6049) 658.11 B1443 G00471 2023-04-13 Books
Designed and Maintained by IMU-KC Library, Kolkata Campus © Copyright All Rights Reserved

webs counters

Powered by Koha